[Event "2. Bundesliga Mitte 2016/2017"]
[Site "Leoben, Wolfsberg/Taufkirchen/Fuerstenfeld, Grieskirchen, St. Veit"]
[Date "2016.10.07"]
[Round "1"]
[Board "1"]
[White "Haba, Petr"]
[Black "Pilaj, Herwig"]
[Result "1/2-1/2"]
[WhiteElo "2457"]
[BlackElo "2390"]
[PlyCount "81"]
[EventDate "2016.10.07"]
[EventType "team"]
[EventRounds "11"]
[EventCountry "AUT"]
[WhiteTeam "Spg. Grieskirchen/Schallerbach"]
[BlackTeam "SC DieKlagenfurter"]

1.d4 Nf6 2.c4 c5 3.d5 e5 4.Nc3 d6 5.e4 Nbd7 6.g3 a6 7.a4 g6 8.Bg2 Bg7 9.Nge2 O-O 10.O-O
Nh5 11.a5 f5 12.exf5 gxf5 13.f4 exf4 14.gxf4 Kh8 15.Qd3 Ndf6 16.Bd2 Bd7 17.Ra3 Rg8
18.Kh1 Ng4 19.Nd1 Qe7 20.Ng1 Rae8 21.b4 Bd4 22.bxc5 dxc5 23.Qh3 Qf7 24.Rd3 Ba4 25.Bc3
Bxd1 26.Rxd4 cxd4 27.Bxd4+ Nhf6 28.Rxd1 Qc7 29.Qc3 Rg6 30.Rf1 Kg8 31.h3 Rh6 32.c5
Ne4 33.Qd3 Qf7 34.d6 Qd5 35.d7 Qxd7 36.Qb3+ Kf8 37.Ne2 Nd2 38.Qb4 Rxe2 39.c6+ Qe7
40.Bc5 Nxf1 41.Bxe7+ 1/2-1/2

[Event "2. Bundesliga Mitte 2016/2017"]
[Site "Leoben, Wolfsberg/Taufkirchen/Fuerstenfeld, Grieskirchen, St. Veit"]
[Date "2016.10.07"]
[Round "1"]
[Board "2"]
[White "Wertjanz, David"]
[Black "Kilgus, Georg"]
[Result "0-1"]
[WhiteElo "2298"]
[BlackElo "2391"]
[PlyCount "70"]
[EventDate "2016.10.07"]
[EventType "team"]
[EventRounds "11"]
[EventCountry "AUT"]
[WhiteTeam "SC DieKlagenfurter"]
[BlackTeam "Spg. Grieskirchen/Schallerbach"]

1.e4 c5 2.Nf3 Nc6 3.Nc3 g6 4.Bc4 Bg7 5.O-O a6 6.a4 e6 7.d3 Nge7 8.Re1 O-O 9.Bg5 h6
10.Bf4 d5 11.exd5 exd5 12.Ba2 g5 13.Bg3 Bg4 14.h3 Bh5 15.Bh2 f5 16.Qe2 f4 17.Qe6+
Bf7 18.Qg4 Bf6 19.Bxf4 h5 20.Qg3 Nf5 21.Bc7 Nxg3 22.Bxd8 Raxd8 23.fxg3 Nb4 24.Re2
Rfe8 25.Rd2 g4 26.hxg4 hxg4 27.Nh4 Bg5 28.Re2 Nxa2 29.Rxe8+ Rxe8 30.Nxa2 Re2 31.Nc3
Rxc2 32.Rb1 Bf6 33.Nf5 Be6 34.Nd6 Be5 35.Re1 Bxg3 0-1

[Event "2. Bundesliga Mitte 2016/2017"]
[Site "Leoben, Wolfsberg/Taufkirchen/Fuerstenfeld, Grieskirchen, St. Veit"]
[Date "2016.10.07"]
[Round "1"]
[Board "3"]
[White "Schwabeneder, Florian"]
[Black "Genser, Harald"]
[Result "1/2-1/2"]
[WhiteElo "2362"]
[BlackElo "2304"]
[PlyCount "170"]
[EventDate "2016.10.07"]
[EventType "team"]
[EventRounds "11"]
[EventCountry "AUT"]
[WhiteTeam "Spg. Grieskirchen/Schallerbach"]
[BlackTeam "SC DieKlagenfurter"]

1.e4 e6 2.d4 d5 3.Nc3 Nf6 4.Bg5 dxe4 5.Nxe4 Nbd7 6.Nf3 h6 7.Nxf6+ Nxf6 8.Be3 Nd5 9.Bd2
c5 10.Bb5+ Bd7 11.Qe2 Bxb5 12.Qxb5+ Qd7 13.Qxd7+ Kxd7 14.c4 Nb6 15.b3 Bd6 16.Bc3 f6
17.O-O-O Ke7 18.Rhe1 Kf7 19.Kb2 Rhd8 20.a4 Nd7 21.Kc2 Rac8 22.Rd2 Nb8 23.Red1 Ke7
24.dxc5 Bxc5 25.b4 Rxd2+ 26.Rxd2 Bb6 27.Kb3 Rd8 28.c5 Bc7 29.Rxd8 Bxd8 30.Kc4 Kd7
31.g4 Nc6 32.b5 Ne7 33.Bd2 Bc7 34.h3 Ng6 35.Be3 Bb8 36.Kd3 Ne7 37.Nd4 Be5 38.Nc2 Nd5
39.Bd2 Bf4 40.Nd4 Bxd2 41.Kxd2 g5 42.Ne2 Kc7 43.Kd3 a6 44.Kc4 axb5+ 45.axb5 Kd7 46.Nd4
Nf4 47.c6+ bxc6 48.Nxc6 Kc7 49.f3 Kb6 50.Nd4 e5 51.Nf5 Nxh3 52.Nxh6 Ng1 53.Ng8 Nxf3
54.Nxf6 e4 55.Nd5+ Kb7 56.Kc5 Ne5 57.Ne3 Nd7+ 58.Kd6 Nf6 59.Kc5 Nd7+ 60.Kc4 Nf6 61.Kd4
Kb6 62.Kc4 Kb7 63.Kb4 Kb6 64.Ka4 Nd7 65.Kb4 Nf6 66.Nc4+ Kb7 67.Kc5 Nxg4 68.Nd6+ Kb8
69.Nxe4 Ne5 70.Nxg5 Kb7 71.Ne4 Nd7+ 72.Kb4 Kb6 73.Nd6 Ne5 74.Nc8+ Kc7 75.Ne7 Nd7 76.Ka5
Kb7 77.Nf5 Nb6 78.Nd6+ Ka7 79.Kb4 Nd7 80.Nc8+ Kb7 81.Ne7 Kb6 82.Nd5+ Kb7 83.Ka5 Ne5
84.Ne3 Nc6+ 85.bxc6+ Kxc6 1/2-1/2

[Event "2. Bundesliga Mitte 2016/2017"]
[Site "Leoben, Wolfsberg/Taufkirchen/Fuerstenfeld, Grieskirchen, St. Veit"]
[Date "2016.10.07"]
[Round "1"]
[Board "4"]
[White "Petschar, Kurt"]
[Black "Singer, Christoph"]
[Result "0-1"]
[WhiteElo "2288"]
[BlackElo "2333"]
[PlyCount "48"]
[EventDate "2016.10.07"]
[EventType "team"]
[EventRounds "11"]
[EventCountry "AUT"]
[WhiteTeam "SC DieKlagenfurter"]
[BlackTeam "Spg. Grieskirchen/Schallerbach"]

1.d4 d5 2.c4 e6 3.Nc3 Be7 4.Nf3 Nf6 5.Bf4 O-O 6.e3 b6 7.Bd3 dxc4 8.Bxc4 Bb7 9.O-O
a6 10.Rc1 Nbd7 11.Qe2 b5 12.Bd3 c5 13.dxc5 Nxc5 14.Bc2 Qa5 15.Ne5 Rac8 16.Rfd1 Rfd8
17.a3 Nce4 18.Nxe4 Nxe4 19.Rxd8+ Qxd8 20.Rd1 Qe8 21.f3 Nf6 22.Bg5 Nd5 23.Bxe7 Qxe7
24.Qd3 Rxc2 0-1

[Event "2. Bundesliga Mitte 2016/2017"]
[Site "Leoben, Wolfsberg/Taufkirchen/Fuerstenfeld, Grieskirchen, St. Veit"]
[Date "2016.10.07"]
[Round "1"]
[Board "5"]
[White "Salvenmoser, Stefan"]
[Black "Titz, Heimo"]
[Result "0-1"]
[WhiteElo "2177"]
[BlackElo "2172"]
[PlyCount "106"]
[EventDate "2016.10.07"]
[EventType "team"]
[EventRounds "11"]
[EventCountry "AUT"]
[WhiteTeam "Spg. Grieskirchen/Schallerbach"]
[BlackTeam "SC DieKlagenfurter"]

1.e4 c5 2.Nf3 e6 3.d4 cxd4 4.Nxd4 Nc6 5.Nc3 Qc7 6.Be3 a6 7.Qd2 Nf6 8.f3 Nxd4 9.Qxd4
Bd6 10.O-O-O Be5 11.Qc5 b5 12.a4 Qxc5 13.Bxc5 Bxc3 14.bxc3 bxa4 15.Rd4 d5 16.exd5
Nxd5 17.c4 Ne7 18.Bd3 Bb7 19.Rd1 Rc8 20.Ba3 Nc6 21.Rd6 O-O 22.Rd7 Na5 23.Bxf8 Kxf8
24.Be2 Ke8 25.R7d6 Bc6 26.Kb2 Nb7 27.R6d2 Ke7 28.Rb1 Nc5 29.Bd3 h5 30.Re2 g6 31.Kc3
a5 32.Re5 Kd6 33.Kd4 f6 34.Ree1 e5+ 35.Ke3 f5 36.f4 exf4+ 37.Kxf4 Ne6+ 38.Ke3 f4+
39.Kf2 Nc5 40.Rbd1 Nxd3+ 41.cxd3 Rb8 42.Rb1 Rb4 43.g3 fxg3+ 44.hxg3 a3 45.Ke3 Kc5
46.Rec1 a2 47.d4+ Kd6 48.Rxb4 axb4 49.Kd2 Be4 50.Rf1 Bf5 51.d5 Kc5 52.d6 Kxd6 53.Rd1
Kc5 0-1

[Event "2. Bundesliga Mitte 2016/2017"]
[Site "Leoben, Wolfsberg/Taufkirchen/Fuerstenfeld, Grieskirchen, St. Veit"]
[Date "2016.10.07"]
[Round "1"]
[Board "6"]
[White "Jakits, Leopold"]
[Black "Schwabeneder, Alois"]
[Result "1-0"]
[WhiteElo "2135"]
[BlackElo "1987"]
[PlyCount "73"]
[EventDate "2016.10.07"]
[EventType "team"]
[EventRounds "11"]
[EventCountry "AUT"]
[WhiteTeam "SC DieKlagenfurter"]
[BlackTeam "Spg. Grieskirchen/Schallerbach"]

1.c4 Nf6 2.g3 g6 3.Bg2 Bg7 4.Nc3 d6 5.Nf3 Nbd7 6.O-O O-O 7.d4 e5 8.e4 Re8 9.Re1 exd4
10.Nxd4 a5 11.h3 Nc5 12.b3 Nfd7 13.Ba3 Rb8 14.Nde2 Ne6 15.Qd2 b6 16.Rad1 Bb7 17.Nd5
Nec5 18.Nd4 Ne5 19.Qc2 Nc6 20.Nb5 Rc8 21.Bb2 Nb4 22.Nxb4 axb4 23.Bxg7 Kxg7 24.e5 Qd7
25.Qd2 Bxg2 26.Kxg2 Qc6+ 27.Qd5 Qxd5+ 28.Rxd5 c6 29.Rxc5 dxc5 30.Nd6 Rcd8 31.Nxe8+
Rxe8 32.f4 f6 33.exf6+ Kf7 34.Rxe8 Kxe8 35.g4 b5 36.Kf3 Kf7 37.g5 1-0

[Event "2. Bundesliga Mitte 2016/2017"]
[Site "Leoben, Wolfsberg/Taufkirchen/Fuerstenfeld, Grieskirchen, St. Veit"]
[Date "2016.10.07"]
[Round "1"]
[Board "1"]
[White "Schmidt, Peter"]
[Black "Freitag, Manfred"]
[Result "1/2-1/2"]
[WhiteElo "2383"]
[BlackElo "2386"]
[PlyCount "64"]
[EventDate "2016.10.07"]
[EventType "team"]
[EventRounds "11"]
[EventCountry "AUT"]
[WhiteTeam "SPG Sauwald"]
[BlackTeam "SPG Spk. Fuerstenfeld/Hartberg"]

1.Nf3 Nf6 2.g3 d5 3.Bg2 c6 4.c4 Bf5 5.cxd5 cxd5 6.Qb3 Nc6 7.O-O e5 8.d3 Qd7 9.Bg5
Be7 10.Nc3 Be6 11.d4 exd4 12.Nb5 O-O 13.Nbxd4 h6 14.Bf4 Rac8 15.Rad1 Rfd8 16.Ne5 Nxe5
17.Bxe5 Bh3 18.Nb5 Bxg2 19.Kxg2 Rc4 20.Rd4 a6 21.Na3 Rxd4 22.Bxd4 Qc6 23.Qe3 Re8 24.Rc1
Qa4 25.Qd3 Qd7 26.Nc2 Qc6 27.Rd1 Ne4 28.Ne3 Rd8 29.Nf5 Bf6 30.Qf3 Qe6 31.Rc1 Kh7 32.Rc7
Rd7 1/2-1/2

[Event "2. Bundesliga Mitte 2016/2017"]
[Site "Leoben, Wolfsberg/Taufkirchen/Fuerstenfeld, Grieskirchen, St. Veit"]
[Date "2016.10.07"]
[Round "1"]
[Board "2"]
[White "Poetz, Florian"]
[Black "Renner, Christoph"]
[Result "1/2-1/2"]
[WhiteElo "2385"]
[BlackElo "2343"]
[PlyCount "150"]
[EventDate "2016.10.07"]
[EventType "team"]
[EventRounds "11"]
[EventCountry "AUT"]
[WhiteTeam "SPG Spk. Fuerstenfeld/Hartberg"]
[BlackTeam "SPG Sauwald"]

1.e4 e6 2.d4 d5 3.Nc3 b6 4.exd5 exd5 5.Qf3 Bb7 6.Bb5+ c6 7.Bd3 Nf6 8.Nge2 g6 9.Bg5
Bg7 10.O-O-O Nbd7 11.g4 O-O 12.h4 c5 13.h5 Qc8 14.Bb5 cxd4 15.Bxd7 Nxd7 16.Nxd4 Ne5
17.Qe3 Qxg4 18.f3 Qd7 19.f4 Nc6 20.hxg6 fxg6 21.Qe6+ Rf7 22.Qxd7 Rxd7 23.Ncb5 Nxd4
24.Nxd4 Re8 25.f5 Rf7 26.fxg6 hxg6 27.c3 Re4 28.Rh2 a6 29.Rg2 b5 30.a3 Rc7 31.Bd8
Rc8 32.Bb6 Kh7 33.Rh1+ Bh6+ 34.Kb1 Rce8 35.Ka2 Re1 36.Rh3 Bc8 37.Rf3 Rf8 38.Rfg3 Bf5
39.Rh2 Bd7 40.Rhg2 Be8 41.Rh2 Re5 42.Bc7 Rh5 43.Re2 Bf7 44.Kb3 Re8 45.Rf2 Kg8 46.Bd6
Rd8 47.Bc5 Re5 48.Nc6 Rde8 49.Nxe5 Rxe5 50.Bd4 Re6 51.Rgf3 Re7 52.Rf6 a5 53.Ra6 a4+
54.Kb4 Be8 55.Rh2 Bg7 56.Bxg7 Kxg7 57.Kc5 g5 58.Kxd5 Bf7+ 59.Kc5 Re5+ 60.Kd4 Rf5 61.Rc6
g4 62.Rg2 Rg5 63.Rg3 Bc4 64.Ke3 Kf7 65.Kf4 Rd5 66.Rg2 Rd8 67.Rxc4 bxc4 68.Rxg4 Rd2
69.Ke5 Rxb2 70.Rxc4 Rb3 71.Rxa4 Rxc3 72.Ra7+ Ke8 73.Kd6 Kd8 74.Ra8+ Rc8 75.Rxc8+ Kxc8 1/2-1/2

[Event "2. Bundesliga Mitte 2016/2017"]
[Site "Leoben, Wolfsberg/Taufkirchen/Fuerstenfeld, Grieskirchen, St. Veit"]
[Date "2016.10.07"]
[Round "1"]
[Board "3"]
[White "Testor, Sebastian"]
[Black "Kuba, Guenter"]
[Result "1-0"]
[WhiteElo "2303"]
[BlackElo "2329"]
[PlyCount "59"]
[EventDate "2016.10.07"]
[EventType "team"]
[EventRounds "11"]
[EventCountry "AUT"]
[WhiteTeam "SPG Sauwald"]
[BlackTeam "SPG Spk. Fuerstenfeld/Hartberg"]

1.d4 d5 2.Nf3 Nf6 3.c4 e6 4.Nc3 Be7 5.Bf4 O-O 6.e3 b6 7.Bd3 dxc4 8.Bxc4 Bb7 9.O-O
c5 10.dxc5 Bxc5 11.Qe2 Nbd7 12.Rfd1 Qe7 13.a3 a5 14.Rac1 Rfd8 15.Bc7 Rdc8 16.Bg3 Rd8
17.Bc7 Rdc8 18.Bg3 Rd8 19.Na4 Ne4 20.Bc7 Rdc8 21.Nxc5 Nexc5 22.Bd6 Qf6 23.Nd4 Ne4
24.Nb5 Ne5 25.Bxe5 Qxe5 26.f3 Nf6 27.Nd6 Rc7 28.f4 Qh5 29.Qxh5 Nxh5 30.Be2 1-0

[Event "2. Bundesliga Mitte 2016/2017"]
[Site "Leoben, Wolfsberg/Taufkirchen/Fuerstenfeld, Grieskirchen, St. Veit"]
[Date "2016.10.07"]
[Round "1"]
[Board "4"]
[White "Csonka, Attila"]
[Black "Hellmayr, Alois"]
[Result "1-0"]
[WhiteElo "2346"]
[BlackElo "2202"]
[PlyCount "95"]
[EventDate "2016.10.07"]
[EventType "team"]
[EventRounds "11"]
[EventCountry "AUT"]
[WhiteTeam "SPG Spk. Fuerstenfeld/Hartberg"]
[BlackTeam "SPG Sauwald"]

1.e4 c5 2.Nf3 e6 3.b3 d6 4.Bb2 Nc6 5.d4 cxd4 6.Nxd4 e5 7.Nxc6 bxc6 8.c4 Nf6 9.Nc3
Be7 10.Bd3 O-O 11.O-O Bb7 12.Qe2 a5 13.Rad1 Nd7 14.Na4 Nb6 15.Nxb6 Qxb6 16.Bb1 a4
17.Rd3 Bc8 18.Kh1 f5 19.Rc3 Qc5 20.bxa4 Rxa4 21.exf5 Ba6 22.Qc2 Rxc4 23.f6 Bxf6 24.Qxh7+
Kf7 25.Rf3 Qb5 26.Ba3 Rf4 27.Bd3 Rxf3 28.Bxb5 Rxa3 29.Bxa6 Rxa6 30.Qd3 Rfa8 31.Qxd6
Rxa2 32.Qxc6 Ra1 33.Qc4+ Kg6 34.g3 Rxf1+ 35.Qxf1 e4 36.Qc4 Re8 37.Kg2 Re5 38.h4 Kh7
39.Qb3 g6 40.Qf7+ Bg7 41.Qa7 Kg8 42.g4 Re8 43.Qb6 Kf7 44.Qb3+ Kf8 45.Kh3 Re7 46.g5
Bd4 47.Kg3 Rf7 48.Qb4+ 1-0

[Event "2. Bundesliga Mitte 2016/2017"]
[Site "Leoben, Wolfsberg/Taufkirchen/Fuerstenfeld, Grieskirchen, St. Veit"]
[Date "2016.10.07"]
[Round "1"]
[Board "5"]
[White "Hiermann, Dietmar"]
[Black "Ugroczky, Peter"]
[Result "1/2-1/2"]
[WhiteElo "2238"]
[BlackElo "2236"]
[PlyCount "87"]
[EventDate "2016.10.07"]
[EventType "team"]
[EventRounds "11"]
[EventCountry "AUT"]
[WhiteTeam "SPG Sauwald"]
[BlackTeam "SPG Spk. Fuerstenfeld/Hartberg"]

1.e4 c5 2.Nf3 d6 3.Bb5+ Bd7 4.Bxd7+ Nxd7 5.O-O Ngf6 6.Re1 Rc8 7.c3 e6 8.d3 Be7 9.h3
O-O 10.Bf4 b5 11.Nbd2 Nb6 12.Qc2 Qc7 13.Rad1 Nfd7 14.Nf1 Ne5 15.Qe2 c4 16.Nxe5 dxe5
17.Bc1 Rfd8 18.dxc4 bxc4 19.Rxd8+ Rxd8 20.Rd1 Rb8 21.Qc2 a5 22.Be3 h6 23.b3 Bc5 24.Rb1
cxb3 25.axb3 Rc8 26.c4 Bd4 27.Qa2 Qc5 28.Re1 Ra8 29.Nd2 a4 30.Bxd4 exd4 31.Rb1 axb3
32.Qxb3 Nd7 33.Qb5 Qxb5 34.cxb5 Rb8 35.f4 f6 36.Kf2 g5 37.g3 e5 38.Ke2 Kf7 39.Kd3
Ke6 40.Kc4 Kd6 41.Kb4 gxf4 42.gxf4 exf4 43.Nc4+ Ke6 44.Ra1 1/2-1/2

[Event "2. Bundesliga Mitte 2016/2017"]
[Site "Leoben, Wolfsberg/Taufkirchen/Fuerstenfeld, Grieskirchen, St. Veit"]
[Date "2016.10.07"]
[Round "1"]
[Board "6"]
[White "Toelly, Michael"]
[Black "Taggatz, Mario"]
[Result "1/2-1/2"]
[WhiteElo "2225"]
[BlackElo "2174"]
[PlyCount "83"]
[EventDate "2016.10.07"]
[EventType "team"]
[EventRounds "11"]
[EventCountry "AUT"]
[WhiteTeam "SPG Spk. Fuerstenfeld/Hartberg"]
[BlackTeam "SPG Sauwald"]

1.e4 e6 2.d4 d5 3.Nd2 Nf6 4.e5 Nfd7 5.Bd3 c5 6.c3 Nc6 7.Ne2 cxd4 8.cxd4 f6 9.exf6
Nxf6 10.Nf3 Bd6 11.O-O O-O 12.Bf4 Bxf4 13.Nxf4 Ne4 14.Ne2 Rxf3 15.gxf3 Ng5 16.f4 Nh3+
17.Kh1 Qh4 18.Qd2 Bd7 19.Qe3 Rf8 20.f5 exf5 21.f4 g5 22.Qg3 Qxg3 23.hxg3 Nb4 24.Rad1
Re8 25.Nc1 Re3 26.Kg2 g4 27.Rfe1 Rf3 28.Rd2 h5 29.Re7 h4 30.Rxd7 hxg3 31.Ne2 Nxd3
32.Nxg3 Ne1+ 33.Kh2 Nxf4 34.Re7 Nfd3 35.Rde2 f4 36.Re8+ Kf7 37.R8e7+ Kf8 38.Re8+ Kf7
39.R2e7+ Kg6 40.Re6+ Kf7 41.R8e7+ Kf8 42.Re8+ 1/2-1/2

[Event "2. Bundesliga Mitte 2016/2017"]
[Site "Leoben, Wolfsberg/Taufkirchen/Fuerstenfeld, Grieskirchen, St. Veit"]
[Date "2016.10.07"]
[Round "1"]
[Board "1"]
[White "Weiss, Christian"]
[Black "Nemeth, Miklos"]
[Result "1/2-1/2"]
[WhiteElo "2360"]
[BlackElo "2452"]
[PlyCount "81"]
[EventDate "2016.10.07"]
[EventType "team"]
[EventRounds "11"]
[EventCountry "AUT"]
[WhiteTeam "Union Ansfelden"]
[BlackTeam "Leoben"]

1.c4 Nf6 2.Nc3 e5 3.e3 Bb4 4.Nge2 d5 5.cxd5 Nxd5 6.Qb3 Nxc3 7.Nxc3 Be7 8.Bc4 O-O 9.O-O
Nc6 10.Qc2 Bg4 11.a3 Qd7 12.b4 Rad8 13.d3 a5 14.b5 Na7 15.Bb2 c6 16.bxc6 Qxc6 17.e4
Be6 18.Qe2 Bxc4 19.dxc4 Bc5 20.Nd5 Qe6 21.Rad1 Nc6 22.Rd3 f5 23.exf5 Rxf5 24.Kh1 Rdf8
25.f4 h5 26.h3 Qh6 27.Qe4 exf4 28.Rdf3 Bd6 29.g3 R5f7 30.gxf4 Ne7 31.f5 Qd2 32.R3f2
Nxf5 33.Qe6 Qd3 34.Nf6+ gxf6 35.Qxf5 Qxf5 36.Rxf5 Be5 37.Bxe5 fxe5 38.Rg1+ Rg7 39.Rxe5
Rf3 40.Rxg7+ Kxg7 41.Rxa5 1/2-1/2

[Event "2. Bundesliga Mitte 2016/2017"]
[Site "Leoben, Wolfsberg/Taufkirchen/Fuerstenfeld, Grieskirchen, St. Veit"]
[Date "2016.10.07"]
[Round "1"]
[Board "2"]
[White "Baumegger, Siegfried"]
[Black "Knoll, Hermann"]
[Result "1-0"]
[WhiteElo "2444"]
[BlackElo "2329"]
[PlyCount "79"]
[EventDate "2016.10.07"]
[EventType "team"]
[EventRounds "11"]
[EventCountry "AUT"]
[WhiteTeam "Leoben"]
[BlackTeam "Union Ansfelden"]

1.d4 Nf6 2.c4 e6 3.Nc3 c5 4.d5 exd5 5.cxd5 d6 6.e4 g6 7.Nf3 Bg7 8.h3 O-O 9.Bd3 a6
10.a4 Re8 11.O-O Nbd7 12.Bf4 c4 13.Bc2 Nc5 14.Re1 Nh5 15.Bh2 Qb6 16.Rb1 f5 17.e5 dxe5
18.Nxe5 Ne4 19.Bxe4 Bxe5 20.Bxe5 Rxe5 21.Bf3 Rxe1+ 22.Qxe1 Nf6 23.Qe5 Kf7 24.d6 Be6
25.Nd5 Nxd5 26.Bxd5 Bxd5 27.Qxd5+ Kf8 28.Qe5 Qd8 29.Qh8+ Kf7 30.Qxh7+ Kf6 31.Rd1 b5
32.d7 Qe7 33.Qh4+ Kf7 34.Qd4 Rd8 35.axb5 axb5 36.Qd5+ Kf6 37.Qxb5 Qe2 38.Qb6+ Ke7
39.Qd6+ Kf7 40.Qd4 1-0

[Event "2. Bundesliga Mitte 2016/2017"]
[Site "Leoben, Wolfsberg/Taufkirchen/Fuerstenfeld, Grieskirchen, St. Veit"]
[Date "2016.10.07"]
[Round "1"]
[Board "3"]
[White "Moser, Guenter"]
[Black "Enoeckl, Philipp"]
[Result "1/2-1/2"]
[WhiteElo "2302"]
[BlackElo "2289"]
[PlyCount "60"]
[EventDate "2016.10.07"]
[EventType "team"]
[EventRounds "11"]
[EventCountry "AUT"]
[WhiteTeam "Union Ansfelden"]
[BlackTeam "Leoben"]

1.Nf3 Nf6 2.c4 g6 3.g3 Bg7 4.Bg2 O-O 5.O-O d6 6.Nc3 c5 7.a3 Nc6 8.Rb1 a5 9.d3 Ne8
10.Bd2 Nc7 11.Re1 Rb8 12.Nb5 Nxb5 13.cxb5 Nd4 14.Nxd4 Bxd4 15.Qc2 b6 16.e3 Bg7 17.b4
axb4 18.axb4 Bb7 19.Bxb7 Rxb7 20.d4 Qd7 21.Qd3 cxb4 22.Rxb4 d5 23.Ra4 Rc8 24.Rea1
Bf6 25.Kg2 h5 26.h3 Kg7 27.R1a2 Rbc7 28.Ra6 Rb7 29.R6a4 Rbc7 30.Ra6 Rb7 1/2-1/2

[Event "2. Bundesliga Mitte 2016/2017"]
[Site "Leoben, Wolfsberg/Taufkirchen/Fuerstenfeld, Grieskirchen, St. Veit"]
[Date "2016.10.07"]
[Round "1"]
[Board "4"]
[White "Dietmayer-Kraeutler, Marco"]
[Black "Ennsberger, Ulrich"]
[Result "1/2-1/2"]
[WhiteElo "2244"]
[BlackElo "2255"]
[PlyCount "73"]
[EventDate "2016.10.07"]
[EventType "team"]
[EventRounds "11"]
[EventCountry "AUT"]
[WhiteTeam "Leoben"]
[BlackTeam "Union Ansfelden"]

1.d4 d6 2.Nf3 Bg4 3.h3 Bxf3 4.exf3 e6 5.Bd3 Nf6 6.O-O Be7 7.Nd2 Nbd7 8.f4 e5 9.fxe5
dxe5 10.dxe5 Nxe5 11.Be2 O-O 12.Nc4 Nxc4 13.Bxc4 Bc5 14.Qf3 Qd4 15.Bd3 Qd5 16.Qxd5
Nxd5 17.a3 Rad8 18.Bg5 f6 19.Bd2 Bd4 20.Rab1 Rfe8 21.g3 c6 22.Rfe1 Rxe1+ 23.Bxe1 g6
24.Kf1 Kf7 25.Be2 f5 26.Rd1 Bf6 27.c4 Nb6 28.Rxd8 Bxd8 29.c5 Nd5 30.Bc4 Ke6 31.Ke2
Be7 32.b4 b6 33.cxb6 axb6 34.a4 b5 35.axb5 cxb5 36.Bxb5 Bxb4 37.Bxb4 1/2-1/2

[Event "2. Bundesliga Mitte 2016/2017"]
[Site "Leoben, Wolfsberg/Taufkirchen/Fuerstenfeld, Grieskirchen, St. Veit"]
[Date "2016.10.07"]
[Round "1"]
[Board "5"]
[White "Mostbauer, Maximilian"]
[Black "Sandner, Wolfgang"]
[Result "0-1"]
[WhiteElo "2102"]
[BlackElo "2256"]
[PlyCount "66"]
[EventDate "2016.10.07"]
[EventType "team"]
[EventRounds "11"]
[EventCountry "AUT"]
[WhiteTeam "Union Ansfelden"]
[BlackTeam "Leoben"]

1.d4 Nf6 2.Nf3 d6 3.c4 g6 4.Nc3 Bg7 5.e4 O-O 6.Be2 e5 7.O-O Nc6 8.d5 Ne7 9.Ne1 Ne8
10.Nd3 f5 11.f3 f4 12.Bd2 h5 13.c5 Kh8 14.Rc1 Ng8 15.cxd6 cxd6 16.a4 Nh6 17.Nb5 Rf7
18.Nf2 Bf8 19.h3 g5 20.Rc3 Rg7 21.Qc2 Bd7 22.Rc1 Be7 23.Nc7 Nxc7 24.Rxc7 g4 25.hxg4
Bh4 26.Nh3 hxg4 27.fxg4 Nxg4 28.Bxg4 Rxg4 29.Qd1 Bg3 30.Qb3 b6 31.Bb4 Rg6 32.Qf3 Bg4
33.Qa3 f3 0-1

[Event "2. Bundesliga Mitte 2016/2017"]
[Site "Leoben, Wolfsberg/Taufkirchen/Fuerstenfeld, Grieskirchen, St. Veit"]
[Date "2016.10.07"]
[Round "1"]
[Board "6"]
[White "Schein, Karl-Heinz"]
[Black "Mostbauer, Florian"]
[Result "0-1"]
[WhiteElo "2186"]
[BlackElo "2283"]
[PlyCount "80"]
[EventDate "2016.10.07"]
[EventType "team"]
[EventRounds "11"]
[EventCountry "AUT"]
[WhiteTeam "Leoben"]
[BlackTeam "Union Ansfelden"]

1.e4 c6 2.d4 d5 3.f3 e6 4.Nc3 Nf6 5.Bg5 Qa5 6.e5 Nfd7 7.a3 Qc7 8.f4 c5 9.Nf3 a6 10.dxc5
Bxc5 11.Bd3 Nc6 12.Bh4 h6 13.Qe2 Nd4 14.Nxd4 Bxd4 15.Nd1 g5 16.c3 Bxe5 17.fxe5 gxh4
18.O-O Nxe5 19.Nf2 Bd7 20.Ng4 Qc5+ 21.Kh1 Nxg4 22.Qxg4 Qe3 23.Qg7 O-O-O 24.Rf3 Qg5
25.Qxg5 hxg5 26.Rxf7 e5 27.Bf5 Rhe8 28.Rxd7 Rxd7 29.Rd1 Rf8 30.Bxd7+ Kxd7 31.Rxd5+
Ke6 32.Rd1 Rf2 33.Rb1 Rc2 34.h3 e4 35.Kg1 Ke5 36.a4 Kf4 37.Kh2 e3 38.b4 e2 39.Kg1
Ke3 40.c4 Rd2 0-1

[Event "2. Bundesliga Mitte 2016/2017"]
[Site "Leoben, Wolfsberg/Taufkirchen/Fuerstenfeld, Grieskirchen, St. Veit"]
[Date "2016.10.07"]
[Round "1"]
[Board "1"]
[White "Fahrner, Kurt"]
[Black "Horvath, Adam"]
[Result "0-1"]
[WhiteElo "2276"]
[BlackElo "2478"]
[PlyCount "90"]
[EventDate "2016.10.07"]
[EventType "team"]
[EventRounds "11"]
[EventCountry "AUT"]
[WhiteTeam "ESV Austria Graz"]
[BlackTeam "RbEJ Gleisdorf"]

1.d4 Nf6 2.Bg5 e6 3.e4 h6 4.Bxf6 Qxf6 5.c3 d6 6.Bd3 e5 7.Ne2 g6 8.O-O Bg7 9.f4 Qe7
10.f5 O-O 11.fxg6 fxg6 12.Qb3+ Kh7 13.Rxf8 Qxf8 14.Nd2 Nd7 15.Rf1 Nf6 16.Kh1 Qe7 17.Ng1
b6 18.Ngf3 Bb7 19.Qa3 c5 20.Re1 Ng4 21.Bb1 exd4 22.cxd4 cxd4 23.h3 Ne5 24.Nxd4 Rf8
25.N4f3 a6 26.Rd1 b5 27.Qb4 Nc6 28.Qb3 Ne5 29.Qb4 Bc8 30.a4 Bxh3 31.axb5 axb5 32.Qxb5
Be6 33.Rf1 Rf4 34.Qe2 Rh4+ 35.Kg1 Ng4 36.e5 Qa7+ 37.Rf2 Rh5 38.Ne4 Nxf2 39.Nxf2 Bxe5
40.Bxg6+ Kxg6 41.Qd3+ Kg7 42.Nxe5 Rxe5 43.Qxd6 Re1+ 44.Kh2 Qxf2 45.Qe7+ Qf7 0-1

[Event "2. Bundesliga Mitte 2016/2017"]
[Site "Leoben, Wolfsberg/Taufkirchen/Fuerstenfeld, Grieskirchen, St. Veit"]
[Date "2016.10.07"]
[Round "1"]
[Board "2"]
[White "Wegerer, Fred"]
[Black "Karner, Christoph"]
[Result "0-1"]
[WhiteElo "2077"]
[BlackElo "2283"]
[PlyCount "120"]
[EventDate "2016.10.07"]
[EventType "team"]
[EventRounds "11"]
[EventCountry "AUT"]
[WhiteTeam "RbEJ Gleisdorf"]
[BlackTeam "ESV Austria Graz"]

1.d4 Nf6 2.c4 d6 3.Nf3 g6 4.Nc3 Bg7 5.Bg5 h6 6.Bf4 Nh5 7.Bd2 e5 8.e3 O-O 9.Be2 f5
10.h3 Nc6 11.d5 Ne7 12.Nh2 Nf6 13.Qb3 a6 14.a4 c6 15.a5 Kh7 16.f4 cxd5 17.cxd5 b5
18.axb6 Rb8 19.O-O Rxb6 20.Qa2 Rb8 21.fxe5 dxe5 22.Bc4 Bb7 23.Rfd1 Nexd5 24.Nxd5 Bxd5
25.Ba5 Bxc4 26.Bxd8 Bxa2 27.Bxf6 Rxf6 28.Rxa2 e4 29.Rd7 Rc6 30.Nf1 Kh8 31.h4 Rxb2
32.Rxb2 Bxb2 33.h5 Be5 34.hxg6 Rxg6 35.Rd5 Re6 36.Kf2 Kg7 37.Ng3 Kf6 38.Rd8 Bxg3+
39.Kxg3 Ke5 40.Rg8 Rf6 41.Re8+ Re6 42.Rg8 h5 43.Rh8 Rg6+ 44.Kf2 h4 45.Rxh4 a5 46.Rh8
Ra6 47.g4 a4 48.Kg3 a3 49.Rh1 a2 50.Ra1 Ra3 51.Kh4 f4 52.exf4+ Kxf4 53.g5 Kf5 54.Rf1+
Kg6 55.Ra1 e3 56.Kg3 Kxg5 57.Kf3 Kf5 58.Ke2 Ke4 59.Kd1 Kd3 60.Kc1 Kc3 0-1

[Event "2. Bundesliga Mitte 2016/2017"]
[Site "Leoben, Wolfsberg/Taufkirchen/Fuerstenfeld, Grieskirchen, St. Veit"]
[Date "2016.10.07"]
[Round "1"]
[Board "3"]
[White "Kotz, Heinz Peter"]
[Black "Frosch, Ronald"]
[Result "0-1"]
[WhiteElo "2267"]
[BlackElo "2273"]
[PlyCount "66"]
[EventDate "2016.10.07"]
[EventType "team"]
[EventRounds "11"]
[EventCountry "AUT"]
[WhiteTeam "ESV Austria Graz"]
[BlackTeam "RbEJ Gleisdorf"]

1.e4 c6 2.d4 d5 3.Nc3 dxe4 4.Nxe4 Bf5 5.Ng3 Bg6 6.Nf3 Nd7 7.h4 h6 8.h5 Bh7 9.Bd3 Bxd3
10.Qxd3 e6 11.Bf4 Qa5+ 12.Bd2 Bb4 13.c3 Be7 14.c4 Qc7 15.O-O-O Ngf6 16.Ne4 b5 17.Kb1
Qb7 18.Rc1 O-O 19.Nxf6+ Bxf6 20.c5 Rfe8 21.Rhe1 Qc7 22.Re4 Rad8 23.Bf4 Qc8 24.Bd6
Be7 25.Ne5 Nf6 26.Rf4 Qb7 27.Qf3 Bxd6 28.cxd6 Rxd6 29.Rc3 b4 30.Rd3 Qe7 31.Nxc6 Qb7
32.Rxf6 Rxc6 33.Rxf7 Rec8 0-1